| 000 | 00662nam a2200193Ia 4500 | ||
|---|---|---|---|
| 003 | GCL | ||
| 008 | 140319s9999 xx 000 0 ara d | ||
| 040 |
_aGCL / _cGCL |
||
| 082 | 0 | 4 |
_aم _b413 _bع م |
| 100 | 1 | _aعبدالله البستانى | |
| 245 | 1 | 0 |
_aمعجم لغوى مطول : جزان فى مجلد واحد / _cعبدالله البستانى |
| 300 | _a1266 ص | ||
| 490 |
_aماذا اعرف _v0 |
||
| 650 | 0 | 4 | _aاللغة العربية - الالفاظ |
| 650 | 0 | 4 | _aاللغة العربية - المعاجم |
| 650 | 0 | 4 | _aاللغة العربية - مصر |
| 650 | 0 | 4 | _aاللغة العربية - المصطلحات |
| 942 |
_2ddc _cREF |
||
| 999 |
_c59645 _d59645 |
||